| 000 | 00420pam a2200157 i 4500 | ||
|---|---|---|---|
| 020 | _a0060452595 | ||
| 040 | _cDLC | ||
| 082 | 0 | 0 | _a515 HAR 1980 A062 Or. |
| 100 | 1 | _aPolites, George W. | |
| 245 | 1 | 0 |
_aPrecalculus mathematics : _ba study of functions / |
| 260 |
_aSan Francisco : _bHarper & Row, _cc1980. |
||
| 300 |
_axii, 497 p. : _bill. ; _c24 cm. |
||
| 500 | _aIncludes index. | ||
| 650 | 0 | _aFunctions. | |
| 942 | _cEK | ||
| 999 |
_c15614 _d15614 |
||